Faculty of Law Library — Cairo University

Official Online Catalog

الضمير البشري المثالى هو الطريق لتحقيق السلام العالمي الأمثل : (Record no. 59315)

MARC details
000 -LEADER
fixed length control field 01189nam a22002897i 4500
003 - CONTROL NUMBER IDENTIFIER
control field EG-GICUC
005 - DATE AND TIME OF LATEST TRANSACTION
control field 20260302132408.0
008 - FIXED-LENGTH DATA ELEMENTS--GENERAL INFORMATION
fixed length control field 260125s1965 ua abdofr|||| 000 0 ara d
040 ## - CATALOGING SOURCE
Original cataloging agency EG-GICUC
Language of cataloging ara
Transcribing agency EG-GICUC
Modifying agency EG-GICUC
Description conventions rda
082 04 - DEWEY DECIMAL CLASSIFICATION NUMBER
Edition number 21
Classification number 341.73
Item number ع ب . ض
092 04 - LOCALLY ASSIGNED DEWEY CALL NUMBER (OCLC)
Edition number 21
099 ## - LOCAL FREE-TEXT CALL NUMBER (OCLC)
Classification number Law1 13 ع ب . ض1965 341.73
100 1# - MAIN ENTRY--PERSONAL NAME
Personal name عبد اللطيف سليمان الساقزلي
Relator term مؤلف.
245 12 - TITLE STATEMENT
Title الضمير البشري المثالى هو الطريق لتحقيق السلام العالمي الأمثل :
Number of part/section of a work الجزء الثالث /
Statement of responsibility, etc. تأليف عبد اللطيف سليمان الساقزلي.
264 #1 - PRODUCTION, PUBLICATION, DISTRIBUTION, MANUFACTURE, AND COPYRIGHT NOTICE
Place of production, publication, distribution, manufacture القاهرة:
Name of producer, publisher, distributor, manufacturer دار ممفيس،
Date of production, publication, distribution, manufacture, or copyright notice 1965.
300 ## - PHYSICAL DESCRIPTION
Extent 200 صفحة؛
Dimensions 24 سم
336 ## - CONTENT TYPE
Source rda content
Content type term text
337 ## - MEDIA TYPE
Source rda media
Media type term Computer
338 ## - CARRIER TYPE
Source rda carrier
Carrier type term Online Resource
504 ## - BIBLIOGRAPHY, ETC. NOTE
Bibliography, etc. note يشتمل على إرجاعات ببيلوجرافية.
546 ## - LANGUAGE NOTE
Language note النص باللغة العربية
650 14 - SUBJECT ADDED ENTRY--TOPICAL TERM
Topical term or geographic name entry element المالية العامة والتشريع الضريبي
Source of heading or term qrmak
651 1# - SUBJECT ADDED ENTRY--GEOGRAPHIC NAME
Source of heading or term qrmak
856 40 - ELECTRONIC LOCATION AND ACCESS
Uniform Resource Identifier <a href="https://fll.law.cu.edu.eg/fulltext/bks/B13-10417.pdf">https://fll.law.cu.edu.eg/fulltext/bks/B13-10417.pdf</a>
905 ## - Cataloger and Reviser Names
Cataloger Name: Eman Mostafa
942 ## - ADDED ENTRY ELEMENTS (KOHA)
Source of classification or shelving scheme Dewey Decimal Classification
Koha item type Books
Edition 21
Suppress in OPAC No
Holdings
Withdrawn status Lost status Source of classification or shelving scheme Damaged status Not for loan Collection Home library Current library Date acquired Total checkouts Full call number Barcode Date last seen Copy number Price effective from Koha item type
    Dewey Decimal Classification     القانون الدولي العام جــــامعة القــاهرة مكتبة كلية الحقوق - المبنى الرئيسي 25.01.2026   Law1 13 341.73 1108111 ع ب . ض 1965 V3 , C1 B11-08111 25.01.2026 1 25.01.2026 Books

© All rights reserved — Faculty of Law, Cairo University